| 000 | 004520000a22001690004500 | ||
|---|---|---|---|
| 003 | MACL | ||
| 005 | 20151219135721.0 | ||
| 008 | 151219b xxu||||| |||| 00| 0 eng d | ||
| 040 |
_aMACL _cMACL |
||
| 041 | _aEnglish | ||
| 082 | _a333.7/TYE | ||
| 100 |
_aMiller, G Tyler _921387 |
||
| 245 |
_aEnviromental Science _bWorking with The Earth |
||
| 260 |
_bWadsworth Publishing Company _c1997 |
||
| 650 |
_aEnvironment _921389 |
||
| 942 |
_cBK _k333.7/TYE _2ddc |
||
| 999 |
_c40326 _d40326 |
||